| 000 | 00903nam a2200253 a 4500 | ||
|---|---|---|---|
| 001 | 43973 | ||
| 003 | BD-RjUL | ||
| 005 | 20211209053758.0 | ||
| 008 | 160630s1984 bg ||||| |||| 00| 0 ben d | ||
| 020 | _c: Tk. 65.00 | ||
| 035 | _a(BD-RjUL)44091 | ||
| 040 |
_aBD-RjUL _bben _cBD-RjUL |
||
| 041 | _aben | ||
| 082 |
_223 _a306.095492 _bKAS 1984 |
||
| 100 |
_aকরিম, নাজমুল. _9135068 |
||
| 245 | 1 | 0 |
_aসমাজবিজ্ঞান সমীক্ষণ / _cকরিম, নাজমুল. |
| 250 | _a৩য় সং. | ||
| 260 |
_aঢাকা : _bনওরোজ কিতাবিস্তান, _c১৯৮৪ |
||
| 300 |
_a৩১২ পৃ. ; _c২১ সেমি |
||
| 650 |
_aসংস্কৃতি ও প্রতিষ্ঠান _9135069 |
||
| 650 |
_aCulture and institutions _9135070 |
||
| 650 |
_aBangladesh _xSocial conditions. _9135149 |
||
| 942 |
_2ddc _cBK |
||
| 999 |
_c43973 _d43973 |
||